000 01220nam a22003257a 4500
001 BR9100460
003 BR-BrBNA
005 20230928093509.0
007 ta
008 230509b bl.||||| |||| 00| 0 por d
040 _aBR-BrBNA
_bpor
_cBiblioteca Nacional de Agricultura
041 _a(Por)
072 _aE10; E12; E14
_b0230
_b/G514
090 _ 0230 BR9100460
100 1 _aBezerra, A.P.
110 1 _aEscola Superior de Agricultura Luiz de Queiroz, Piracicaba, SP (Brasil)
_0Tese (Mestrado)
245 1 _aA expansao da cana-de-acucar e seus efeitos sobre a composicao da producao e o emprego rural no estado de Pernambuco no periodo de 1975 a 1985
246 1 _aThe expansion of sugarcane cultivation and its effects on the composition of production and rural employment in the state of Pernambuco during the period of 1975 to 1985
260 3 _aPiracicaba, SP (Brasil):
_c1990.
300 _a125 p.
500 _aSummaries (Eng, Por); 25 illus.; 45 tables; 45 ref.
650 _aCANA DE ACUCAR
650 _aECONOMIA AGRICOLA
650 _aEMPREGO
650 _aTRABALHO
650 _aDESENVOLVIMENTO AGRICOLA
650 _aPERNAMBUCO
909 _a202309
_bLucia
_c55
_dLucia Elande
942 _cBK
999 _c45332
_d45332